Normal view
MARC view
- Jawad Mansoor, Ahmed Hassaan, Muhammd Kamran, Hamza Tanveer
Entry Personal Name
001 - CONTROL NUMBER
- control field: 71108
003 - CONTROL NUMBER IDENTIFIER
- control field: NUST
005 - DATE AND TIME OF LATEST TRANSACTION
- control field: 20210628204609.0
008 - FIXED-LENGTH DATA ELEMENTS
- fixed length control field: 210628|| aca||aabn | a|a d
040 ## - CATALOGING SOURCE
- Original cataloging agency: NUST
- Transcribing agency: NUST
100 ## - HEADING--PERSONAL NAME
- Personal name: Jawad Mansoor, Ahmed Hassaan, Muhammd Kamran, Hamza Tanveer
670 ## - SOURCE DATA FOUND
- Source citation: Work cat.: (NUST): Jawad Mansoor, Ahmed Hassaan, Muhammd Kamran, Hamza Tanveer, PR-SOF-1415-BIO INSPIRED FLAPPING WING MODEL BASED ON CORVUS SPLENDENS, 2015
